000 00280nam a22001337a 4500
008 171024b xxu||||| |||| 00| 0 eng d
020 _a2810000029578
041 _aeng
080 _a311
100 _a55
101 _aSTA
245 _aPROBABILITY
_cLAWLESS,J
942 _2udc
_cBK
999 _c35758
_d35758